000 00386nam a2200169Ia 4500
008 230524s9999 xx 000 0 und d
020 _a8185015813
082 _a510.35
_bHAR
100 _aG.Hadley
245 0 _aLinear Algebra
250 _a10TH
260 _aNEW DELHI
_bNarosa
_c2002
300 _aXI;274
500 _aQuantity Number: 2
650 _aMathematics
942 _cBK
999 _c15549
_d15549